000 01207cam a2200289 4500
001 ABS67723
008 040428n2004 000 0 eng u
035 _a(Sirsi) u126042
245 _aChristos and Christos v SoS for the Environment, Transport and the Regions
260 _c2004
490 _aRating and Valuation Reporter
_v[2004] RVR 59-60(2)
520 _aACQ/69/2001, 11 November 2003. Case was remitted to the LT by CA ([2003] EWCA Civ 1073, Abs66977) for reconsideration of the LT's ([ACQ/69/2001, LT132284) award of compensation and costs on the compulsory purchase by S of C's freehold interest in a house and adjoining land in the light of the CA decision. "Held" that the total compensation payable by C to S was £498 945.
590 _aABS
590 _aABS
650 _aCHRISTOS AND ANOTHER V SOS TRANSPORT
650 _aBINDING CONTRACTS
650 _aSUBJECT TO CONTRACT
650 _aCOMPENSATION
650 _aValuation
_96273
650 _aCOSTS
650 _aSEALED OFFER
650 _aCompulsory purchase
_96228
650 _aRESIDENTIAL PROPERTY
_96266
650 _aFREEHOLD INTEREST
690 _aCOMPULSORY PURCHASE AND COMPENSATION-CASE LAW
942 _n0
999 _c117263
_d117263